Regencies and Cities in Riau - Statistics

General Stats
  • This quiz has been taken 5 times
  • The average score is 9 of 12
Answer Stats
Answer % Correct
Dumai City
100%
Siak Regency
100%
Bengkalis Regency
80%
Indragiri Hilir Regency
80%
Indragiri Hulu Regency
80%
Pekanbaru City
80%
Pelalawan Regency
80%
Rokan Hilir Regency
80%
Rokan Hulu Regency
80%
Kampar Regency
60%
Meranti Islands Regency
60%
Kuantan Singingi Regency
40%
No matching quizzes found
Score Distribution
Percent of People with Each Score
Percentile by Number Answered
Your Score History
You have not taken this quiz